UBT Library

Taking sides. (Record no. 43580)

000 -LEADER
fixed length control field 00916cam a2200289 a 4500
001 - CONTROL NUMBER
control field 15005328
005 - DATE AND TIME OF LATEST TRANSACTION
control field 20180227054255.0
008 - FIXED-LENGTH DATA ELEMENTS--GENERAL INFORMATION
fixed length control field 070913s2008 iaua b 001 0 eng d
010 ## - LIBRARY OF CONGRESS CONTROL NUMBER
LC control number 2007299124
020 ## - INTERNATIONAL STANDARD BOOK NUMBER
International Standard Book Number 9780073397160
020 ## - INTERNATIONAL STANDARD BOOK NUMBER
International Standard Book Number 0073397164
035 ## - SYSTEM CONTROL NUMBER
System control number (OCoLC)ocn123965376
040 ## - CATALOGING SOURCE
Original cataloging agency LCE
Transcribing agency LCE
Modifying agency BAKER
-- BTCTA
-- DLC
041 ## - LANGUAGE CODE
Language code of text/sound track or separate title eng
042 ## - AUTHENTICATION CODE
Authentication code lccopycat
080 ## - UNIVERSAL DECIMAL CLASSIFICATION NUMBER
Universal Decimal Classification number 316 FIN
082 ## - DEWEY DECIMAL CLASSIFICATION NUMBER
Classification number 316 FIN
100 ## - Rafti
Rafti 50
101 ## - Shkurtesa
Shkurtesa SOC
245 00 - TITLE STATEMENT
Title Taking sides.
Name of part/section of a work Clashing views on social issues /
Statement of responsibility, etc selected, edited, and with introductions by Kurt Finsterbusch.
246 30 - VARYING FORM OF TITLE
Title proper/short title Clashing views on social issues
504 ## - BIBLIOGRAPHY, ETC. NOTE
Bibliography, etc Includes bibliographical references and index.
906 ## - LOCAL DATA ELEMENT F, LDF (RLIN)
a 7
b cbc
c copycat
d 3
e ncip
f 20
g y-gencatlg
942 ## - ADDED ENTRY ELEMENTS (KOHA)
Source of classification or shelving scheme
Item type Books
Holdings
Withdrawn status Lost status Source of classification or shelving scheme Damaged status Not for loan Collection code Permanent location Current location Shelving location Date acquired Total Checkouts Full call number Barcode Date last seen Price effective from Koha item type
          Koleksioni i përgjithshem UBT - Lipjan UBT - Lipjan Koleksioni i përgjithshem 02/27/2018   316 FIN 002-3000235 02/27/2018 02/27/2018 Books
UBT Library © 2015-2024. All rights reserved University Education for Business and Technology